Ramón Torres Méndez : Pintura de la Nueva Granada 1809-1885 /

Guardat en:
Dades bibliogràfiques
Autor principal: Sánchez Cabra, Efrain
Format: Desconegut
Idioma:Spanish
Publicat: Colombia : Fondo Cultural Cafetero, 1987.
Matèries:
Etiquetes: Afegir etiqueta
Sense etiquetes, Sigues el primer a etiquetar aquest registre!

MARC

LEADER 000000000a22000000004500
001 006197
041 0 |a spa 
082 0 4 |a 760.092   |b T693s 
100 1 |a Sánchez Cabra, Efrain 
245 1 0 |a Ramón Torres Méndez :   |b Pintura de la Nueva Granada 1809-1885 /   |c Efrain Sánchez Cabra. 
260 1 |a Colombia :   |b Fondo Cultural Cafetero,   |c 1987. 
300 |a 240 páginas 
650 4 |a PINTURA COLOMBIANA 
650 4 |a TORRES MENDEZ, RAMON, 1809-1885 
650 4 |a PINTURA RELIGIOSA 
650 4 |a CRITICISMO E INTERPRETACION 
999 |c 11893  |d 11893 
942 |c BK  |h 760.092 T693s  |2 z